| 000 | 00577nam a22001697a 4500 | ||
|---|---|---|---|
| 003 | OSt | ||
| 005 | 20171010095509.0 | ||
| 008 | 120813t xxu||||| |||| 00| 0 eng d | ||
| 040 |
_aMMSU _cULS |
||
| 100 |
_aBingayen, Quintin N. _912048 |
||
| 245 |
_aCongruence of terminologies used by extension workers and their clientele _cQuintin N. Bingayen |
||
| 260 | _c1991 | ||
| 300 |
_axi, 320 leaves _c28 cm. |
||
| 500 | _aThesis (MS Rural Development) -- Mariano Marcos State University-Graduate School, Laoag City | ||
| 504 | _aBibliography: leaves 59-62 | ||
| 942 |
_2ddc _cTHEDIS |
||
| 999 |
_c9707 _d9707 |
||